000 00695 a2200229 4500
005 20260319120348.0
008 260319b |||||||| |||| 00| 0 eng d
020 _a9789360625924 (hbk)
037 _cTB
040 _aCRL
_cCRL
041 _2URD
_aURD
084 _aO168,6x R3
_bCRL
100 _aShoieb Nizam
_91115724
245 _aSar-e-sayyaragan-e-sukhan
260 _aNew Delhi, India:
_bEducational publishing house,
_c2025.
300 _a306p.
365 _b600.00
_cINR
650 _aUrdu Literature
650 _aUrdu Prose
942 _cTB
_2CC
_hO168,6x R3
999 _c1679621
_d1679621